Statistics for Block Strike Minigames

Click here to take the quiz!

General Stats

  • This quiz has been taken 9 times
  • The average score is 3 of 7

Answer Stats

Answer% Correct
HotKnife
86%
Spleef
57%
Football
57%
BlockParty
43%
50Traps
43%
Tennis
29%
Push
29%

Score Distribution

Percentile by Number Answered

Percent of People with Each Score

Your Score History

You have not taken this quiz